000 01356nam a2200241Ii 4500
003 JO-AjNU
005 20240623130844.0
008 230605s9999||||xx |||||||||||||| ||und||
040 _aJO-AjNU
_bara
_erda
_cJO-AjNU
041 _aara
100 1 _aعطاوي، الهام
_964674
_eمعد
245 0 0 _a جودة الخدمات المصرفية وأثرها على أداء المصارف الأردنية : دراسة ميدانية = Service quality and its impact on Jordanian banks performance : An Empirical study /
_cاعداد الهام عطاوي؛ اشراف تركي الحمود، محمد غرايبه
260 _c2011
300 _a164 ورقة
336 _atext
_btxt
_2rdacontent
337 _aunmediated
_bn
_2rdamedia
338 _avolume
_bnc
_2rdacarrier
500 _aسالة جامعية (ماجستير)--جامعة اليرموك (إربد، الأردن)، كلية الاقتصاد والعلوم الإدارية، قسم علوم المالية والمصرفية، 2011. ببليوجرافيا : ص. 137-149. تتضمن ملخصا باللغتين العربية والإنجليزية.
650 7 0 _aالبنوك - ادارة - الخدمات المصرفية - الاردن
_964671
700 1 _aالحمود، تركي
_964672
_eمشرف
700 1 _aغرايبة، محمد
_964673
_eمشرف
942 _2lcc
_cTHS
999 _c33071
_d33071